000 00479nam a22001577a 4500
005 20260211143949.0
008 260211b |||||||| |||| 00| 0 eng d
020 _a978-0-5216-4298-9
100 _aMACKAY, DAVIDNJ. C.
245 _aINFORMATION THEORY, INFERENCE, AND LEARNING ALGORITHMS
260 _aCAMBIDGE
_bCAMBRIDGE UNIVERSITY PRESS
_c2003
300 _aXII, 628P.
500 _aINCLUDES INDEX
650 _a1. INFORMATION THEORY 2. MACHINE LEARNING
942 _2lcc
_cBK
999 _c216573
_d216573